000 01245nam a2200253 a 4500
001 47542
003 BD-RjUL
005 20211209054334.0
008 160809s1984 bg a|||| |||| 00| 0 ben d
035 _a(BD-RjUL)47661
040 _aBD-RjUL
_bben
_cBD-RjUL
041 _aben
082 _223
_aB 530
_bMAP 1983-1985
100 1 0 _aমাসুদ, আ. র. ম.
_9124138
245 _aপদার্থ বিদ্যা /
_cআ. র. ম. মাসুদ, মুস্তফা হামিদ হোসেন , মুহাম্মদ গোলাম হোসেন
260 _aঢাকা :
_bবাংলা একাডেমী,
_c১৯৮৩-১৯৮৫
300 _a খন্ড
_bচিত্র ;
_c২৩ সেমি.
505 _aখন্ড ১, বলবিদ্যা, তরঙ্গ ও তাপবিদ্যা -- খন্ড ২, তড়িৎ বিদ্যা --
650 _aপদার্থবিদ্যা
_9124139
650 _aPhysics
_9124140
700 _aহোসেন, মুস্তফা হামিদ, যুগ্ম লেখক
_9144563
700 _aহোসেন, মুহাম্মদ গোলাম, যুগ্ম লেখক
_9144564
942 _2ddc
_cBK
999 _c47542
_d47542